00393nam a2200157Ia 4500003000400000008004100004040001600045082001300061100001900074245002900093260004000122300001000162490002600172650001500198650002200213GCL140319s9999 xx 000 0 eng d aGCL / cGCL04a843bR A1 aRAMUZ, CHARLES10aALINE / cRAMUZ, CHARLES a[S.N] : bBERNARD GRASSET ، c1994 a206 P aLES CAHIERS ROUGESv004aLITERATURE04aFRENCH LITERATURE